000
00222nam a2200085Ia 4500
008
120527s9999 xx 000 0 und d
100
_a
Wyoming, H. Jackson
245
_a
Central banking issues in emerging market
942
_c
BK
999
_c
27192
_d
27192